<?xml version="1.0" encoding="UTF-8"?>
<collection xmlns="http://www.loc.gov/MARC21/slim">
 <record>
  <leader>01505nam a2200337   4500</leader>
  <controlfield tag="001">0021011</controlfield>
  <controlfield tag="003">BD-DhAAL</controlfield>
  <controlfield tag="008">101031s1997    bg mr p   g w 0    0eng d  </controlfield>
  <datafield tag="040" ind1=" " ind2=" ">
   <subfield code="a">BD-DhAAL</subfield>
   <subfield code="c">BD-DhAAL</subfield>
  </datafield>
  <datafield tag="041" ind1="0" ind2=" ">
   <subfield code="a">eng</subfield>
   <subfield code="a">ben</subfield>
  </datafield>
  <datafield tag="082" ind1="0" ind2="0">
   <subfield code="a">348.5492/046</subfield>
  </datafield>
  <datafield tag="245" ind1="0" ind2="4">
   <subfield code="a">The mainstream law reports :</subfield>
   <subfield code="b">MLR : a monthly legal journal.</subfield>
   <subfield code="n">Volume II /</subfield>
   <subfield code="c">edited by Abu Hena Mohammad Mohsin</subfield>
  </datafield>
  <datafield tag="246" ind1="3" ind2="0">
   <subfield code="a">MLR</subfield>
  </datafield>
  <datafield tag="260" ind1=" " ind2=" ">
   <subfield code="a">Dhaka :</subfield>
   <subfield code="b">Shahanaj Khondaker, </subfield>
   <subfield code="c">1997-</subfield>
  </datafield>
  <datafield tag="300" ind1=" " ind2=" ">
   <subfield code="a">v. ;</subfield>
   <subfield code="c">25 cm.</subfield>
  </datafield>
  <datafield tag="310" ind1=" " ind2=" ">
   <subfield code="a">Monthly, with an annual cumulation</subfield>
  </datafield>
  <datafield tag="362" ind1="0" ind2=" ">
   <subfield code="a">Vol. 2 (1997)-</subfield>
  </datafield>
  <datafield tag="500" ind1=" " ind2=" ">
   <subfield code="a">Comprises four sections: Supreme Court of Bangladesh Appellate Division decisions, High Court Division decisions, Bangladesh statutes, and journal; each section paged separately, consecutively for the year.</subfield>
  </datafield>
  <datafield tag="500" ind1=" " ind2=" ">
   <subfield code="a">Cumulated in an annual bound volume.</subfield>
  </datafield>
  <datafield tag="500" ind1=" " ind2=" ">
   <subfield code="a">Latest issue consulted: Vol. 2, 1997</subfield>
  </datafield>
  <datafield tag="541" ind1=" " ind2=" ">
   <subfield code="e">00021011</subfield>
  </datafield>
  <datafield tag="546" ind1=" " ind2=" ">
   <subfield code="a">In English; includes some text in Bengali.</subfield>
  </datafield>
  <datafield tag="650" ind1=" " ind2="0">
   <subfield code="a">Law reports, digests, etc. </subfield>
   <subfield code="z">Bangladesh.</subfield>
  </datafield>
  <datafield tag="650" ind1=" " ind2="0">
   <subfield code="a">Law </subfield>
   <subfield code="z">Bangladesh </subfield>
   <subfield code="v">Periodicals.</subfield>
  </datafield>
  <datafield tag="700" ind1="1" ind2=" ">
   <subfield code="a">Mohsin, Abu Hena Mohammad</subfield>
   <subfield code="9">59441</subfield>
  </datafield>
  <datafield tag="710" ind1="1" ind2=" ">
   <subfield code="a">Bangladesh. </subfield>
   <subfield code="b">Supreme Court. </subfield>
   <subfield code="b">High Court Division.</subfield>
   <subfield code="9">3854</subfield>
  </datafield>
  <datafield tag="710" ind1="1" ind2=" ">
   <subfield code="a">Bangladesh. </subfield>
   <subfield code="b">Supreme Court. </subfield>
   <subfield code="b">Appellate Division.</subfield>
   <subfield code="9">3855</subfield>
  </datafield>
  <datafield tag="852" ind1="4" ind2=" ">
   <subfield code="a">Ayesha Abed Library</subfield>
  </datafield>
  <datafield tag="942" ind1=" " ind2=" ">
   <subfield code="2">ddc</subfield>
   <subfield code="c">1HOUR</subfield>
  </datafield>
  <datafield tag="999" ind1=" " ind2=" ">
   <subfield code="c">9965</subfield>
   <subfield code="d">9965</subfield>
  </datafield>
  <datafield tag="952" ind1=" " ind2=" ">
   <subfield code="0">0</subfield>
   <subfield code="1">0</subfield>
   <subfield code="2">ddc</subfield>
   <subfield code="4">0</subfield>
   <subfield code="6">348_549204600000000_MAI_1997</subfield>
   <subfield code="7">0</subfield>
   <subfield code="9">12940</subfield>
   <subfield code="a">BRACUL</subfield>
   <subfield code="b">BRACUL</subfield>
   <subfield code="c">REF</subfield>
   <subfield code="d">2010-10-31</subfield>
   <subfield code="l">1</subfield>
   <subfield code="o">348.5492046 MAI</subfield>
   <subfield code="p">3010021011</subfield>
   <subfield code="r">2015-05-19</subfield>
   <subfield code="s">2015-05-19</subfield>
   <subfield code="t">1</subfield>
   <subfield code="w">2010-10-31</subfield>
   <subfield code="y">1HOUR</subfield>
  </datafield>
 </record>
</collection>
